000 00730nam a2200229Ii 4500
003 JO-AjNU
008 230605s9999||||xx |||||||||||||| ||und||
017 _a2000/14321
020 _a977-5283-45-0
040 _aJO-AjNU
_bara
_erda
_cJO-AjNU
041 _aara
050 1 4 _aBP144 2001
100 3 _aالمرصفي، يوسف عبد الفتاح,
_eauthor
_914533
245 0 0 _aالمحرمات في الإسلام
250 _aط1
264 3 1 _aالقاهرة: مؤسسة المختار للنشر والتوزيع، 2001
300 _a212ص
336 _atext
_btxt
_2rdacontent
337 _aunmediated
_bn
_2rdamedia
338 _avolume
_bnc
_2rdacarrier
650 4 _aالاسلام- الحلال والحرام
_914534
999 _aA3898
_c7466
_d7466